| 000 | 00881nam a22002897a 4500 | ||
|---|---|---|---|
| 001 | 000362 | ||
| 003 | DO-SdBNP | ||
| 005 | 20171120110303.0 | ||
| 007 | 000362 | ||
| 008 | 160706b 2001 sp xxu||||| |||| 00| 0 spa d | ||
| 020 | _a8439706685 | ||
| 040 |
_aBPMSU _bspa _cBPMSU |
||
| 082 | 4 |
_a823.914 _bF667u |
|
| 100 | 1 |
_aFollett, Ken _e1949- |
|
| 240 | 1 | 0 |
_aA dangerous fortune _lEspañol |
| 245 | 1 | 0 |
_aUna fortuna peligrosa / _cKen Follett ; traducción de Manuel Bartolomé |
| 260 | 0 |
_aBarcelona : _bGrijalbo Mondadori, _c1993. |
|
| 300 |
_a670 p. ; _c18 cm. |
||
| 500 | _aTranslation of: A dangerous fortune. | ||
| 650 | 4 | _aNOVELA INGLESA | |
| 650 | 4 | _aLITERATURA INGLESA | |
| 700 | 1 | 2 |
_aBartolomé, Manuel _etrad. |
| 910 | _aValidado.Control de calidad MFF | ||
| 942 |
_2ddc _cBK |
||
| 945 | _aInventariado, 2017/MFF | ||
| 956 |
_2LOPEREZ _310 _620160706 _8BPMSU _a00041 |
||
| 999 |
_c10713 _d10713 |
||